La dialéctica en Doña Bárbara (Record no. 615386)
[ view plain ]
| 000 -CABECERA | |
|---|---|
| Campo de control de longitud fija | 00407nab a2200145Ia 4500 |
| 003 - IDENTIFICADOR DEL NÚMERO DE CONTROL | |
| Campo de control | ES-SlBCS |
| 005 - FECHA Y HORA DE LA ÚLTIMA TRANSACCIÓN | |
| Campo de control | 20211208011006.0 |
| 008 - CÓDIGOS DE INFORMACIÓN DE LONGITUD FIJA | |
| Campo de control de longitud fija | 140529s1985 xxu||||| |||| 00| 0 spa d |
| 041 ## - CÓDIGO DE LENGUA | |
| Código de lengua del texto/banda sonora o título independiente | spa |
| 100 1# - PUNTO DE ACCESO PRINCIPAL-NOMBRE DE PERSONA | |
| Nombre de persona | Trigo, Pedro |
| 9 (RLIN) | 5394 |
| 245 00 - MENCIÓN DE TÍTULO | |
| Título | La dialéctica en Doña Bárbara |
| Mención de responsabilidad, etc. | Pedro Trigo |
| 600 14 - PUNTO DE ACCESO ADICIONAL DE MATERIA-NOMBRE DE PERSONA | |
| Nombre personal | Doña Bárbara |
| 9 (RLIN) | 220508 |
| 773 0# - ENLACE AL DOCUMENTO FUENTE | |
| Título | Anthropos |
| Parte(s) relacionada(s) | vol. 6, nº. 10, 1985, págs. 93-121 |
| Número de control del registro relacionado | Rev38 |
| 942 ## - ENTRADA DE ELEMENTOS AGREGADOS (KOHA) | |
| Koha [por defecto] tipo de item | Artículos de revista |
| Suprimido | Perdido | Estropeado | No para préstamo | Localización permanente | Localización actual | Localización en estantería | Fecha adquisición | Préstamos totales | Fecha última consulta | Fecha del precio de reemplazo | Tipo de item de Koha |
|---|---|---|---|---|---|---|---|---|---|---|---|
| San Esteban | San Esteban | Depósito de revistas | 11/07/2014 | 11/07/2014 | 11/07/2014 | Artículos de revista |
